<?xml version="1.0" encoding="UTF-8"?>
<record
    xmlns:xsi="http://www.w3.org/2001/XMLSchema-instance"
    xsi:schemaLocation="http://www.loc.gov/MARC21/slim http://www.loc.gov/standards/marcxml/schema/MARC21slim.xsd"
    xmlns="http://www.loc.gov/MARC21/slim">

  <leader>00393nam a22001697a 4500</leader>
  <controlfield tag="003">OSt</controlfield>
  <controlfield tag="008">230918b        |||||||| |||| 00| 0 eng d</controlfield>
  <datafield tag="020" ind1=" " ind2=" ">
    <subfield code="a">9789353502874</subfield>
  </datafield>
  <datafield tag="082" ind1=" " ind2=" ">
    <subfield code="a">005.131 CHM</subfield>
  </datafield>
  <datafield tag="100" ind1=" " ind2=" ">
    <subfield code="a">CHAPMAN,Stephen J</subfield>
  </datafield>
  <datafield tag="245" ind1=" " ind2=" ">
    <subfield code="a">MATLAB Programming for Engineers</subfield>
  </datafield>
  <datafield tag="250" ind1=" " ind2=" ">
    <subfield code="a">6th</subfield>
  </datafield>
  <datafield tag="260" ind1=" " ind2=" ">
    <subfield code="a">New Delhi</subfield>
    <subfield code="b">Cengage</subfield>
    <subfield code="c">2023</subfield>
  </datafield>
  <datafield tag="300" ind1=" " ind2=" ">
    <subfield code="a">828</subfield>
  </datafield>
  <datafield tag="650" ind1=" " ind2=" ">
    <subfield code="a">Matlab</subfield>
  </datafield>
  <datafield tag="942" ind1=" " ind2=" ">
    <subfield code="2">ddc</subfield>
    <subfield code="c">BK</subfield>
  </datafield>
  <datafield tag="999" ind1=" " ind2=" ">
    <subfield code="c">12079</subfield>
    <subfield code="d">12079</subfield>
  </datafield>
  <datafield tag="952" ind1=" " ind2=" ">
    <subfield code="0">0</subfield>
    <subfield code="1">0</subfield>
    <subfield code="2">ddc</subfield>
    <subfield code="4">0</subfield>
    <subfield code="7">0</subfield>
    <subfield code="8">CSEAIML</subfield>
    <subfield code="a">PIET</subfield>
    <subfield code="b">PIET</subfield>
    <subfield code="d">2023-09-06</subfield>
    <subfield code="e">Kriti Prakashan</subfield>
    <subfield code="f">In Rupees</subfield>
    <subfield code="g">899.00</subfield>
    <subfield code="k">IN925</subfield>
    <subfield code="l">0</subfield>
    <subfield code="o">005.131 CHM</subfield>
    <subfield code="p">35022</subfield>
    <subfield code="r">2023-09-18 00:00:00</subfield>
    <subfield code="v">629.20</subfield>
    <subfield code="w">2023-09-06</subfield>
    <subfield code="y">REF</subfield>
  </datafield>
  <datafield tag="952" ind1=" " ind2=" ">
    <subfield code="0">0</subfield>
    <subfield code="1">0</subfield>
    <subfield code="2">ddc</subfield>
    <subfield code="4">0</subfield>
    <subfield code="7">0</subfield>
    <subfield code="8">CSEAIML</subfield>
    <subfield code="a">PIET</subfield>
    <subfield code="b">PIET</subfield>
    <subfield code="d">2023-09-06</subfield>
    <subfield code="e">Kriti Prakashan</subfield>
    <subfield code="f">In Rupees</subfield>
    <subfield code="g">899.00</subfield>
    <subfield code="k">IN925</subfield>
    <subfield code="l">0</subfield>
    <subfield code="o">005.131 CHM</subfield>
    <subfield code="p">35023</subfield>
    <subfield code="r">2023-09-18 00:00:00</subfield>
    <subfield code="v">629.20</subfield>
    <subfield code="w">2023-09-06</subfield>
    <subfield code="y">BK</subfield>
  </datafield>
  <datafield tag="952" ind1=" " ind2=" ">
    <subfield code="0">0</subfield>
    <subfield code="1">0</subfield>
    <subfield code="2">ddc</subfield>
    <subfield code="4">0</subfield>
    <subfield code="7">0</subfield>
    <subfield code="8">CSEAIML</subfield>
    <subfield code="a">PIET</subfield>
    <subfield code="b">PIET</subfield>
    <subfield code="d">2023-09-06</subfield>
    <subfield code="e">Kriti Prakashan</subfield>
    <subfield code="f">In Rupees</subfield>
    <subfield code="g">899.00</subfield>
    <subfield code="k">IN925</subfield>
    <subfield code="l">0</subfield>
    <subfield code="o">005.131 CHM</subfield>
    <subfield code="p">35024</subfield>
    <subfield code="r">2023-09-18 00:00:00</subfield>
    <subfield code="v">629.20</subfield>
    <subfield code="w">2023-09-06</subfield>
    <subfield code="y">BK</subfield>
  </datafield>
  <datafield tag="952" ind1=" " ind2=" ">
    <subfield code="0">0</subfield>
    <subfield code="1">0</subfield>
    <subfield code="2">ddc</subfield>
    <subfield code="4">0</subfield>
    <subfield code="7">0</subfield>
    <subfield code="8">CSEAIML</subfield>
    <subfield code="a">PIET</subfield>
    <subfield code="b">PIET</subfield>
    <subfield code="d">2023-09-06</subfield>
    <subfield code="e">Kriti Prakashan</subfield>
    <subfield code="f">In Rupees</subfield>
    <subfield code="g">899.00</subfield>
    <subfield code="k">IN925</subfield>
    <subfield code="l">0</subfield>
    <subfield code="o">005.131 CHM</subfield>
    <subfield code="p">35025</subfield>
    <subfield code="r">2023-09-18 00:00:00</subfield>
    <subfield code="v">629.20</subfield>
    <subfield code="w">2023-09-06</subfield>
    <subfield code="y">BK</subfield>
  </datafield>
  <datafield tag="952" ind1=" " ind2=" ">
    <subfield code="0">0</subfield>
    <subfield code="1">0</subfield>
    <subfield code="2">ddc</subfield>
    <subfield code="4">0</subfield>
    <subfield code="7">0</subfield>
    <subfield code="8">CSEAIML</subfield>
    <subfield code="a">PIET</subfield>
    <subfield code="b">PIET</subfield>
    <subfield code="d">2023-09-06</subfield>
    <subfield code="e">Kriti Prakashan</subfield>
    <subfield code="f">In Rupees</subfield>
    <subfield code="g">899.00</subfield>
    <subfield code="k">IN925</subfield>
    <subfield code="l">0</subfield>
    <subfield code="o">005.131 CHM</subfield>
    <subfield code="p">35026</subfield>
    <subfield code="r">2023-09-18 00:00:00</subfield>
    <subfield code="v">629.20</subfield>
    <subfield code="w">2023-09-06</subfield>
    <subfield code="y">BK</subfield>
  </datafield>
</record>
